| 000 | 00637nam a2200241Ia 4500 | ||
|---|---|---|---|
| 003 | OSt | ||
| 005 | 20230622152927.0 | ||
| 008 | 210423s2014 xx 000 0 und d | ||
| 020 | _a978-93-84310-12-7 | ||
| 040 | _cAL | ||
| 041 | _aeng | ||
| 082 |
_a343.0998 _223 _b ACHT |
||
| 100 |
_aACHARYA (M K) _9112208 |
||
| 245 | _aTextbook on intellectual property rights Ed 7 | ||
| 250 | _a7 | ||
| 260 |
_aHyderabad _bAsian law house _c2014 |
||
| 300 |
_axxxiv,374 _bPB |
||
| 365 |
_b450 _cINR |
||
| 650 |
_aLaw _9112209 |
||
| 650 |
_aMass Media Law _9112210 |
||
| 906 | _aintellectual ; property ; rights ; Textbook | ||
| 942 |
_2ddc _cBK |
||
| 999 |
_c167192 _d167192 |
||